| 000 | 00514 a2200133 4500 | ||
|---|---|---|---|
| 082 | _aBEE-3 | ||
| 100 |
_aSyed Ali Nayyar Nasir _992607 |
||
| 245 |
_aAnalysis of commonly used adders _cSyed Ali Nayyar Nasir |
||
| 260 |
_aIslamabad : _bNUST School of Electrical Engineering & Computer Science, _c2010. |
||
| 300 |
_avii, 41 p. : _bill. ; _c27 cm. + _e1CD ROM |
||
| 500 | _aSupervisors : Dr. Osman Hassan, Ms. Khalida Noori. | ||
| 856 | _uhttp://10.250.8.41:8080/xmlui/handle/123456789/9254 | ||
| 942 |
_cPR _kBEE-3 ALI _2ddc |
||
| 999 |
_c10203 _d10203 |
||